000 00653nam a2200241Ia 4500
003 OSt
005 20221005123034.0
006 a|||||r|||| 00| 0
007 ta
008 221004b |||||||| |||| 00| 0 ben d
020 _a8186017550 (pbk)
_c260
024 _a278
037 _b2, 18/01/2008, Mukta Dhara
_cTextual
040 _aCRL
_cCRL
_bben
041 _2ben
_aben
082 _aY74462:1, 157P5
100 _aDutta Kalyany
_9633041
245 0 _aKhara bari thore
260 _c2005
650 _aSOCIOLOGY
942 _hY74462:1, 157P5
_cTEXL
_2cc
999 _c1046201
_d1046201